UBT Library

Broadcast/cable/web programming : (Record no. 1342)

000 -LEADER
fixed length control field 00699nam a22002177a 4500
008 - FIXED-LENGTH DATA ELEMENTS--GENERAL INFORMATION
fixed length control field 151023b xxu||||| |||| 00| 0 eng d
020 ## - INTERNATIONAL STANDARD BOOK NUMBER
International Standard Book Number 053451295X
041 0# - LANGUAGE CODE
Language code of text/sound track or separate title eng
080 ## - UNIVERSAL DECIMAL CLASSIFICATION NUMBER
Universal Decimal Classification number 004.272.23
100 1# - Rafti
Rafti Eastman, Susan Tyler.
245 10 - TITLE STATEMENT
Title Broadcast/cable/web programming :
Statement of responsibility, etc Susan Tyler Eastman, Douglas A. Ferguson.
250 ## -
-- 6th ed.
260 ## -
-- Belmont, CA :
-- Wadsworth/Thomson Learning,
-- 2002.
300 ## -
-- xiv, 466 f. :
-- me il.;
-- 25 cm.
650 #0 -
-- Programet televizive
-- Planifikimi
650 #0 -
-- Programet në radio
650 #0 -
-- Televizori me kabëll
700 1# -
-- Ferguson, Douglas A.
700 1# -
-- Eastman, Susan Tyler.
942 ## - ADDED ENTRY ELEMENTS (KOHA)
Source of classification or shelving scheme
Item type Books
Holdings
Withdrawn status Lost status Source of classification or shelving scheme Damaged status Not for loan Collection code Permanent location Current location Shelving location Date acquired Total Checkouts Full call number Barcode Date last seen Koha item type
          Koleksioni i përgjithshem UBT - Lipjan UBT - Lipjan Koleksioni i përgjithshem 10/23/2015   004.272.23 EAS 002-008723 10/23/2015 Books
UBT Library © 2015-2024. All rights reserved University Education for Business and Technology